Homenaje al cantor del dos de mayo

Gespeichert in:
Bibliographische Detailangaben
1. Verfasser: López, B. Autor
Format: keine Angabe
Sprache:Spanisch
Erschienen: Madrid Juan Pueyo 1925
Katalog:MANES:  Suchergebnis im Bibliothekskatalog
Schulbuchspezifische Eigenschaften:
Tags: Tag hinzufügen
Keine Tags, Fügen Sie den ersten Tag hinzu!
Hinzugefügt zu:26.04.2016
Geändert in:20.11.2024

MARC

LEADER 000000000a22000000004500
001 17248
003 OSt
005 20241121020143.0
008 160427s sp ||||| |||| 00| 0 spa d
041 1 |a spa 
040 |c centro_manes 
691 0 |a SE 
100 1 |a López, B.  |b Autor  |9 12779 
245 0 0 |a Homenaje al cantor del dos de mayo 
260 3 |a Madrid  |b Juan Pueyo  |c 1925 
300 |a 63p.  |c 13 * 20 cm 
500 |a ILUSTRACIONES: No contiene. ENCUADERNACIÓN: Rústica. DESCRIPCIÓN CONTENIDO: Poesía. PALABRAS CLAVE: Homenaje. Poesía. NéMERO EJEMPLARES: 1. Nº TOPOGRÁFICO: 1726. CONSERVACIÓN: Buena. 
690 0 |a LEN 
942 |2 ddc  |c BK 
546 |a España 
999 |c 23217  |d 23217 
999 |c manes:23217  |d 23217